000 00753nam a2200193Ia 4500
003 GCL
008 140319s9999 xx 000 0 ara d
020 _a9100609977
040 _aGCL /
_cGCL
082 0 4 _aق
_b962.052
_bي ف
100 1 _aيونان لبيب رزق
245 1 0 _aفؤاد الاول :
_bالمعلوم والمجهول /
_cيونان لبيب رزق
260 _aالقاهرة :
_bدار الشروق ،
_c2005
300 _a214 ص ؛
_c24 سم
490 _aسلسلة التاريخ : الجانب الاخر : اعادة قراءة للتاريخ المصرى
_v1
650 0 4 _aمصر - الملوك والحكام
650 0 4 _aمصر - تاريخ - العصر الحديث - احمد فؤاد (1917-1922)
942 _2ddc
_cBK
999 _c8199
_d8199